000 01508nam a2200253Ia 4500
003 Ost
005 20260507074905.0
008 260507s9999||||xx |||||||||||||| ||und||
020 _a9957114778
040 _cfsecg
041 _aara
082 _a657.46
100 _aالنقيب، كمال عبد العزيز
_eمؤلف
245 0 _aالمدخل المعاصر الى علم المحاسبة المالية /
_c كمال عبد العزيز النقيب
260 _aعمان:
_bدار وائل للنشر والتوزيع,
_c2006
300 _a596 صفحة؛
_bإيضاحات ؛
_c25 سم
490 _aسلسلة بحوث ودراسات
_v362
520 _aالتطور التاريخي لعلم المحاسبة، الإطار الفكري للمحاسبة المالية، المحاسبة كنظام للمعلومات، العمليات التمويلية والتكوين الرأسمالي، عمليات النشاط التجاري، عمليات الخصم، العمليات النقدية والمصرفية ، عمليات الإئتمان التجاري، دفتر الأستاذ وإعداد موازين المراجعة، الأخطاء المحاسبية وطرق تصحيحها، اقفال حسابات المصاريف، إعداد القوائم المالية وأساليب عرضها
653 _aالعمليات النقدية
653 _aالمالية العامة
653 _aالمحاسبة
653 _aالنشاط التجاري
942 _cكتاب
999 _c41693
_d41693